000 00429nam a2200169Ia 4500
001 23491
008 140410s9999 xx 000 0 und d
020 _a0-7126-5477-1
040 _cPK-LaUMT
082 _a 158.1
_bCSI-F
100 _aMihaly Csikszentmihalyi
245 _aFlow:
_bthe psychology of happiness
_cMihaly Csikszentmihalyi
260 _aLondon,UK:
_bRider,
_c1992
300 _a303 p.
546 _aEN
942 _cBK
999 _c23718
_d23718